| 000 | 00630nam a2200241 a 4500 | ||
|---|---|---|---|
| 005 | 20210219152900.0 | ||
| 008 | 991125n 000 0 u | ||
| 035 | _aUPN01000065069 | ||
| 100 | _aLeavit, Robin Lynn | ||
| 222 | _aYOUNG CHILDREN | ||
| 245 | _aAssessment in early childhood programs | ||
| 300 | _a4-9 | ||
| 362 | _a46, No. 5, 1991 | ||
| 505 | _aEnero 1992 | ||
| 653 | 0 | _aCUIDADOS INFANTILES | |
| 653 | 0 | _aDIFERENCIAS INDIVIDUALES | |
| 653 | 0 | _aNI\197OS JOVENES | |
| 653 | 0 | _aOBSERVACION | |
| 653 | 0 | _aVALORACION AFABLE | |
| 700 | _aEheart, Brenda Krause | ||
| 904 |
_aAC _b002880 |
||
| 905 | _aArticulo | ||
| 999 |
_c62915 _d62915 |
||